[Event "74th NED-ch"]
[Site "Amsterdam NED"]
[Date "2018.07.04"]
[Round "3"]
[White "Ernst, Sipke"]
[Black "Van Foreest, Jorden"]
[Result "1/2-1/2"]
[WhiteElo "2546"]
[BlackElo "2640"]
[EventDate "2018.07.02"]
[PlyCount "52"]

1.Nf3 d5 2.c4 d4 3.b4 c5 4.g3 cxb4 5.a3 e6 6.Bg2 Nc6 7.O-O Nf6 8.Qa4 Nd7 
9.axb4 Bxb4 10.Nxd4 Nxd4 11.Qxb4 Nxe2+ 12.Kh1 Nxc1 13.Rxc1 Qe7 14.Qa3 a6 
15.d4 e5 16.dxe5 Qxa3 17.Rxa3 O-O 18.f4 Nc5 19.Nc3 Rd8 20.Nd5 Kf8 21.Kg1 
Bf5 22.Nb6 Rab8 23.Bd5 Nd7 24.Rb3 Nc5 25.Re3 Nd7 26.Rb3 Nc5 1/2-1/2

[Event "74th NED-ch"]
[Site "Amsterdam NED"]
[Date "2018.07.04"]
[Round "3"]
[White "Tiviakov, Sergei"]
[Black "Sokolov, Ivan"]
[Result "1-0"]
[WhiteElo "2583"]
[BlackElo "2565"]
[EventDate "2018.07.02"]
[PlyCount "49"]

1.e4 e5 2.Nf3 Nc6 3.Bb5 a6 4.Ba4 b5 5.Bb3 g6 6.a4 b4 7.d4 exd4 8.Bg5 Be7 
9.Bf4 Bb7 10.O-O d6 11.Nxd4 Na5 12.Bd5 c6 13.Ba2 Nf6 14.Nd2 O-O 15.N4b3 
Nxb3 16.Bxb3 Re8 17.Re1 Bf8 18.Qf3 d5 19.Bg5 Be7 20.exd5 Nxd5 21.Rxe7 Rxe7
22.Ne4 f5 23.Nf6+ Kh8 24.Nxd5 cxd5 25.Bf6+ 1-0

[Event "74th NED-ch"]
[Site "Amsterdam NED"]
[Date "2018.07.04"]
[Round "3"]
[White "Van Wely, Loek"]
[Black "l`Ami, Erwin"]
[Result "1/2-1/2"]
[WhiteElo "2674"]
[BlackElo "2636"]
[EventDate "2018.07.02"]
[PlyCount "137"]

1.Nf3 d5 2.c4 e6 3.g3 Nf6 4.Bg2 Be7 5.O-O O-O 6.d4 dxc4 7.Qc2 a6 8.a4 Bd7 
9.Rd1 Bc6 10.Nc3 Bb4 11.Bg5 Bxc3 12.Qxc3 Ne4 13.Bxd8 Nxc3 14.bxc3 Rxd8 15.
Ne5 Bxg2 16.Kxg2 Nc6 17.Nxc4 b5 18.Nd2 b4 19.Nb3 bxc3 20.Rac1 e5 21.Rxc3 
Nxd4 22.Nxd4 Rd7 23.e3 g6 24.Rc5 Re8 25.Kf3 f5 26.a5 exd4 27.Rxd4 Rxd4 28.
exd4 Re7 29.Rc6 Re4 30.Rxc7 Rxd4 31.Rc6 Ra4 32.Rxa6 Kg7 33.h4 Ra2 34.Ke3 
Kf7 35.Ra8 Kf6 36.a6 Kg7 37.Ra7+ Kf6 38.Kd4 h6 39.Ra8 Kg7 40.Ra7+ Kf6 41.
Ra8 Kg7 42.f4 Ra3 43.Kc5 Rxg3 44.Rd8 Ra3 45.Rd7+ Kf6 46.Rd6+ Kg7 47.Kb6 g5
48.a7 gxh4 49.Kb7 h3 50.a8=Q Rxa8 51.Kxa8 h2 52.Rd1 Kg6 53.Rh1 Kh5 54.
Rxh2+ Kg4 55.Rf2 Kg3 56.Rf1 Kg2 57.Ra1 Kg3 58.Kb7 Kxf4 59.Kc6 h5 60.Kd5 h4
61.Kd4 h3 62.Ra8 h2 63.Rh8 Kg3 64.Ke3 Kg2 65.Rg8+ Kf1 66.Rh8 Kg2 67.Kf4 
h1=Q 68.Rxh1 Kxh1 69.Kxf5 1/2-1/2

[Event "74th NED-ch"]
[Site "Amsterdam NED"]
[Date "2018.07.04"]
[Round "3"]
[White "Van den Doel, Erik"]
[Black "Leenhouts, Koen"]
[Result "1-0"]
[WhiteElo "2593"]
[BlackElo "2483"]
[EventDate "2018.07.02"]
[PlyCount "73"]

1.d4 d5 2.c4 e6 3.Nf3 Nf6 4.g3 dxc4 5.Bg2 a6 6.O-O Nc6 7.e3 Bd7 8.Qe2 Bd6 
9.Qxc4 O-O 10.Nc3 Qe7 11.e4 b5 12.Qd3 b4 13.e5 bxc3 14.bxc3 h6 15.exd6 
cxd6 16.Ba3 Rfc8 17.Nd2 Ne8 18.Rab1 Ra7 19.Nc4 Nd8 20.Nb6 Rcc7 21.Rfe1 Qf6
22.c4 a5 23.c5 dxc5 24.Bxc5 Bc6 25.d5 Bb7 26.Bd4 Qe7 27.Be5 Ba6 28.d6 Bxd3
29.dxe7 Nc6 30.Bxc7 Rxc7 31.Bxc6 Rxc6 32.Rec1 Rxc1+ 33.Rxc1 f6 34.Rc5 Kf7 
35.Rxa5 Kxe7 36.Ra7+ Kf8 37.a4 1-0

[Event "74th NED-ch"]
[Site "Amsterdam NED"]
[Date "2018.07.05"]
[Round "4"]
[White "Leenhouts, Koen"]
[Black "Van Wely, Loek"]
[Result "1-0"]
[WhiteElo "2483"]
[BlackElo "2674"]
[EventDate "2018.07.02"]
[PlyCount "57"]

1.d4 e6 2.c4 b6 3.e4 Bb7 4.Bd3 Nc6 5.Nf3 Nb4 6.O-O Nxd3 7.Qxd3 Ne7 8.h4 
Ng6 9.h5 Nh4 10.Nh2 f5 11.f3 g6 12.h6 g5 13.Nc3 Qf6 14.Nb5 O-O-O 15.Nxa7+ 
Kb8 16.Nb5 Rg8 17.a4 Qg6 18.a5 fxe4 19.Qb3 exf3 20.axb6 cxb6 21.Ra7 e5 22.
Be3 exd4 23.Bf2 Qc6 24.Nxd4 Qc5 25.Rfa1 Bd6 26.Qa4 Kc8 27.Rxb7 Kxb7 28.
Qa7+ Kc8 29.Qa6+ 1-0

[Event "74th NED-ch"]
[Site "Amsterdam NED"]
[Date "2018.07.05"]
[Round "4"]
[White "Sokolov, Ivan"]
[Black "l`Ami, Erwin"]
[Result "1/2-1/2"]
[WhiteElo "2565"]
[BlackElo "2636"]
[EventDate "2018.07.02"]
[PlyCount "53"]

1.d4 Nf6 2.c4 e6 3.Nf3 d5 4.Nc3 Bb4 5.Bg5 dxc4 6.e4 c5 7.Bxc4 cxd4 8.Nxd4 
Bxc3+ 9.bxc3 Qa5 10.Bxf6 Qxc3+ 11.Kf1 gxf6 12.Rc1 Qa5 13.h4 Nc6 14.Nxc6 
bxc6 15.Rh3 Ba6 16.Qd6 Bxc4+ 17.Rxc4 Rc8 18.Ra3 Qb6 19.Rb3 Qd8 20.Qxd8+ 
Rxd8 21.Rxc6 O-O 22.Rc7 Rd4 23.Rg3+ Kh8 24.Re3 Ra4 25.a3 Kg7 26.f3 Kg6 27.
Rb3 1/2-1/2

[Event "74th NED-ch"]
[Site "Amsterdam NED"]
[Date "2018.07.05"]
[Round "4"]
[White "Tiviakov, Sergei"]
[Black "Ernst, Sipke"]
[Result "1-0"]
[WhiteElo "2583"]
[BlackElo "2546"]
[EventDate "2018.07.02"]
[PlyCount "126"]

1.e4 e5 2.Nf3 Nc6 3.Bb5 a6 4.Ba4 Nf6 5.d3 d6 6.c4 g6 7.Nc3 Bg7 8.Nd5 O-O 
9.Bg5 Nb8 10.d4 c6 11.dxe5 dxe5 12.Nxf6+ Bxf6 13.Qxd8 Bxd8 14.Bxd8 Rxd8 
15.Nxe5 Re8 16.O-O-O Kg7 17.Nd3 Rxe4 18.Bb3 Nd7 19.Rhe1 Rxe1 20.Rxe1 Kf8 
21.c5 Nf6 22.Ne5 Bf5 23.Bxf7 Rd8 24.Bc4 Re8 25.f3 g5 26.Kd2 Rd8+ 27.Kc3 h5
28.b4 Nd5+ 29.Kb3 Kg7 30.g4 hxg4 31.fxg4 Bc8 32.Rf1 Be6 33.Rf3 Rb8 34.Ka3 
Ra8 35.Bxd5 Bxd5 36.Rf5 a5 37.Rxg5+ Kf6 38.Rf5+ Ke6 39.Nd3 axb4+ 40.Kxb4 
Rxa2 41.Nf4+ Ke7 42.h4 Rb2+ 43.Kc3 Rb3+ 44.Kd2 Rb2+ 45.Kc1 Rb4 46.h5 Be4 
47.Ng6+ Ke6 48.h6 Bxf5 49.gxf5+ Kxf5 50.h7 Kxg6 51.h8=Q Kf5 52.Qe8 Re4 53.
Qd7+ Kf6 54.Kc2 Rb4 55.Kc3 Rb5 56.Kc4 Ke5 57.Qe7+ Kf5 58.Qd6 Ke4 59.Qe6+ 
Kf4 60.Kd3 Kf3 61.Qf6+ Kg4 62.Kd4 Kg3 63.Qf1 b6 1-0

[Event "74th NED-ch"]
[Site "Amsterdam NED"]
[Date "2018.07.05"]
[Round "4"]
[White "Van Foreest, Jorden"]
[Black "Van den Doel, Erik"]
[Result "0-1"]
[WhiteElo "2640"]
[BlackElo "2593"]
[EventDate "2018.07.02"]
[PlyCount "126"]

1.e4 e5 2.Nf3 Nc6 3.Bb5 a6 4.Ba4 Nf6 5.O-O Be7 6.Re1 b5 7.Bb3 d6 8.c3 O-O 
9.d4 Bg4 10.Be3 Bh5 11.Nbd2 Na5 12.dxe5 dxe5 13.h3 Nxb3 14.axb3 Qc8 15.g4 
Nxg4 16.hxg4 Qxg4+ 17.Kh2 Rfd8 18.Rg1 Rxd2 19.Qxd2 Qxf3 20.Qd7 Bf8 21.Qd5 
Qf6 22.Bg5 Qxf2+ 23.Rg2 Qa7 24.Rf1 Bg6 25.b4 Qb8 26.Qc6 Qe8 27.Qxc7 Bxe4 
28.Rg3 Qe6 29.Bf6 Bg6 30.Bxe5 Re8 31.Bf4 Qe2+ 32.Kg1 Bd3 33.Rgf3 Be4 34.
R1f2 Qd1+ 35.Rf1 Qe2 36.R1f2 Qd1+ 37.Rf1 Qd5 38.Rg3 Qh5 39.Be3 Ba8 40.Qf4 
Qd5 41.Rg5 Qb7 42.Kf2 Re4 43.Qg3 Re6 44.Bc5 h6 45.Rg4 h5 46.Rf4 Qd5 47.Rd4
Bxc5 48.bxc5 Rf6+ 49.Ke2 Qe6+ 50.Qe3 Qxe3+ 51.Kxe3 Rxf1 52.Rd8+ Kh7 53.
Rxa8 Rf6 54.Rb8 h4 55.Rb6 Rf5 56.b4 h3 57.Rxa6 g5 58.Ra1 g4 59.c6 Rf6 60.
c7 Rc6 61.Kf4 Rc4+ 62.Kg3 f5 63.Kh4 Rxc7 0-1

[Event "74th NED-ch"]
[Site "Amsterdam NED"]
[Date "2018.07.06"]
[Round "5"]
[White "Ernst, Sipke"]
[Black "Sokolov, Ivan"]
[Result "0-1"]
[WhiteElo "2546"]
[BlackElo "2565"]
[EventDate "2018.07.02"]
[PlyCount "108"]

1.Nf3 d5 2.c4 c6 3.g3 g6 4.Bg2 Bg7 5.O-O Nf6 6.d3 O-O 7.Nc3 dxc4 8.dxc4 
Qxd1 9.Rxd1 Be6 10.b3 Ne4 11.Nxe4 Bxa1 12.Ba3 Bf5 13.Nc5 Bf6 14.Nxb7 a5 
15.h3 a4 16.b4 Ra7 17.Nc5 Nd7 18.e4 Nxc5 19.exf5 Rd7 20.Rxd7 Nxd7 21.fxg6 
hxg6 22.Nd2 Rd8 23.Kf1 Ne5 24.Ke2 Rd3 25.Nb1 Rd4 26.c5 Rc4 27.Kd2 g5 28.
Bf1 Rd4+ 29.Kc2 g4 30.hxg4 Nxg4 31.b5 Nxf2 32.Bb2 Rd8 33.Bxf6 exf6 34.bxc6
Rd5 35.Bg2 Rxc5+ 36.Kd2 f5 37.Nc3 Ne4+ 38.Nxe4 fxe4 39.Bxe4 Kf8 40.a3 Ke7 
41.Bc2 Rxc6 42.Bxa4 Rg6 43.Kc3 Rxg3+ 44.Kb4 f5 45.Bb5 Kd6 46.a4 Rg4+ 47.
Kc3 Rg3+ 48.Bd3 f4 49.a5 f3 50.Kd2 Ke5 51.a6 Kd4 52.Bf1 Rg5 53.Kc2 Ra5 54.
Kb2 f2 0-1

[Event "74th NED-ch"]
[Site "Amsterdam NED"]
[Date "2018.07.07"]
[Round "6"]
[White "Ernst, Sipke"]
[Black "Van den Doel, Erik"]
[Result "1-0"]
[WhiteElo "2546"]
[BlackElo "2593"]
[EventDate "2018.07.02"]
[PlyCount "147"]

1.Nf3 d5 2.c4 e6 3.g3 Nf6 4.Bg2 Be7 5.b3 O-O 6.O-O c5 7.e3 Nc6 8.Bb2 Qb6 
9.Na3 Rd8 10.Qe2 Bd7 11.d3 Qa5 12.Nd2 Nb4 13.Nf3 Nc6 14.Rfd1 Rac8 15.h3 
Be8 16.cxd5 exd5 17.Nc2 Bd7 18.a3 Qa6 19.Rab1 b6 20.Ba1 h6 21.g4 Be6 22.
Bf1 Re8 23.d4 Qb7 24.Bg2 cxd4 25.Ncxd4 Nxd4 26.Nxd4 Bd7 27.Qd3 Ne4 28.Ne2 
Bc6 29.b4 Bh4 30.Rf1 Ba4 31.Nd4 a6 32.b5 axb5 33.Nf5 Bc2 34.Qxb5 Bxf2+ 35.
Rxf2 Nxf2 36.Qb2 f6 37.Kxf2 Bxb1 38.Qxb1 Qc6 39.Bd4 Qc2+ 40.Qxc2 Rxc2+ 41.
Kg3 Rxg2+ 42.Kxg2 Ra8 43.Ne7+ Kf7 44.Nxd5 Rxa3 45.Bxb6 Rb3 46.Bd4 Rb5 47.
Nf4 Ra5 48.Nh5 Rb5 49.Kf3 Ra5 50.Ng3 Ra2 51.Ne4 Kg6 52.h4 Rc2 53.Kf4 Rc1 
54.Ng3 Rd1 55.Kf3 Rb1 56.Ne2 Rf1+ 57.Kg2 Rb1 58.Nf4+ Kf7 59.h5 Rb5 60.Kf3 
Ra5 61.Ng6 Rb5 62.Nh4 Ra5 63.Nf5 Ra3 64.Kf4 Ra2 65.e4 Re2 66.Kf3 Re1 67.
Kf2 Rh1 68.e5 fxe5 69.Bxe5 g6 70.Nd6+ Ke6 71.hxg6 Rb1 72.Nf7 Rb6 73.Bd4 
Ra6 74.Nxh6 1-0

[Event "74th NED-ch"]
[Site "Amsterdam NED"]
[Date "2018.07.08"]
[Round "7"]
[White "l`Ami, Erwin"]
[Black "Tiviakov, Sergei"]
[Result "1/2-1/2"]
[WhiteElo "2636"]
[BlackElo "2583"]
[EventDate "2018.07.02"]
[PlyCount "37"]

1.e4 c5 2.Nf3 d6 3.d4 cxd4 4.Nxd4 Nf6 5.Nc3 g6 6.g3 Nc6 7.Nde2 Bg7 8.Bg2 
Rb8 9.O-O b5 10.Nd5 O-O 11.Bg5 Nd7 12.c3 h6 13.Be3 e6 14.Nb4 Nxb4 15.cxb4 
Nb6 16.Bd4 e5 17.Bxb6 Qxb6 18.Nc3 Be6 19.a3 1/2-1/2

[Event "74th NED-ch"]
[Site "Amsterdam NED"]
[Date "2018.07.08"]
[Round "7"]
[White "Leenhouts, Koen"]
[Black "Van Foreest, Jorden"]
[Result "0-1"]
[WhiteElo "2483"]
[BlackElo "2640"]
[EventDate "2018.07.02"]
[PlyCount "90"]

1.d4 Nf6 2.c4 g6 3.Nc3 Bg7 4.e4 d6 5.f3 O-O 6.Bg5 c5 7.d5 e6 8.Qd2 exd5 9.
cxd5 a6 10.a4 Qa5 11.Ra3 Nbd7 12.Nh3 Ne5 13.Nf2 Nh5 14.Be2 f5 15.exf5 gxf5
16.O-O Ng6 17.Bh6 Bd7 18.Bxg7 Kxg7 19.g3 Rae8 20.f4 Nf6 21.Bf3 Rf7 22.Raa1
Rfe7 23.Nce4 Qxd2 24.Nxd2 b5 25.axb5 Bxb5 26.Rfc1 Re3 27.Kg2 Re2 28.Nc4 
Bxc4 29.Rxc4 Rxb2 30.Rxa6 Ng4 31.Bxg4 fxg4 32.Kf1 Rb1+ 33.Kg2 Re2 34.Re4 
Rd2 35.f5 Rbb2 36.fxg6 Rxf2+ 37.Kg1 hxg6 38.Rxd6 Rg2+ 39.Kf1 Rxh2 40.Kg1 
Rhd2 41.Re1 Rd3 42.Kh1 Kh6 43.Rd8 Rbd2 44.Rh8+ Kg7 45.Rh4 Rxg3 0-1

[Event "74th NED-ch"]
[Site "Amsterdam NED"]
[Date "2018.07.08"]
[Round "7"]
[White "Van Wely, Loek"]
[Black "Ernst, Sipke"]
[Result "1/2-1/2"]
[WhiteElo "2674"]
[BlackElo "2546"]
[EventDate "2018.07.02"]
[PlyCount "83"]

1.d4 Nf6 2.c4 e6 3.Nc3 c5 4.d5 exd5 5.cxd5 d6 6.e4 g6 7.f4 Bg7 8.Bb5+ Nfd7
9.Bd3 Qh4+ 10.g3 Qe7 11.Nf3 O-O 12.O-O Na6 13.Re1 Nc7 14.Kg2 b5 15.e5 c4 
16.Bc2 Bb7 17.Ne4 Ne8 18.Be3 Rc8 19.Bxa7 dxe5 20.d6 Qd8 21.fxe5 Bxe5 22.
Nxe5 Nxe5 23.Kg1 Rc6 24.Re3 Nxd6 25.Nc3 Re8 26.Qd4 f6 27.Rd1 b4 28.Ne4 
Ndf7 29.Qxd8 Rxd8 30.Rxd8+ Nxd8 31.Nxf6+ Rxf6 32.Rxe5 Nc6 33.Rb5 Ba6 34.
Rb6 Bc8 35.Be4 c3 36.Rxc6 Rxc6 37.Bxc6 cxb2 38.Be4 Bf5 39.Bd4 Bxe4 40.Bxb2
Bb1 41.a3 bxa3 42.Bxa3 1/2-1/2

[Event "74th NED-ch"]
[Site "Amsterdam NED"]
[Date "2018.07.08"]
[Round "7"]
[White "Van den Doel, Erik"]
[Black "Sokolov, Ivan"]
[Result "1/2-1/2"]
[WhiteElo "2593"]
[BlackElo "2565"]
[EventDate "2018.07.02"]
[PlyCount "34"]

1.e4 e5 2.Nf3 Nc6 3.Bb5 a6 4.Ba4 Nf6 5.O-O Be7 6.Re1 b5 7.Bb3 O-O 8.d3 d6 
9.Bd2 Bb7 10.a4 b4 11.a5 Kh8 12.Bc1 Bc8 13.Nbd2 Be6 14.Bxe6 fxe6 15.c3 
bxc3 16.bxc3 Rb8 17.d4 exd4 1/2-1/2